| 000 | 00882namaa2200169 i 4500 | ||
|---|---|---|---|
| 001 | 173774 | ||
| 003 | ES-MaACL | ||
| 005 | 20230906215337.0 | ||
| 008 | 100118s1870 sp |||| | spa d | ||
| 040 |
_aSpMaBN _bspa _cPAB |
||
| 100 | 1 |
_aAranaz, Jacinto. _9141981 |
|
| 245 | 1 | 3 |
_aEl collar de esmeraldas _b: drama en tres actos y en verso (imitación francesa) / _cpor Jacinto Aranaz. |
| 260 |
_aMadrid : _bAdministración Lírico-Dramática, _c1870 ( _fImp. de José Rodríguez) |
||
| 300 |
_a77 p. ; _c20 cm. |
||
| 500 | _aEn port.: Representado ... en el Teatro de Lope de Rueda, el 11 de agosto de 1870, y demás noches subsiguientes. | ||
| 852 |
_aES-MaACL _jB-8603(14) _z.- Enc. pasta española _q.- Falto de la cub. original _z.- Enc. en un vol. facticio formando parte de la col. facticia "Teatro español moderno", vol. 56 _z.- Dedicatoria del autor manuscrita a Juan Xifra |
||
| 999 |
_c173774 _d173774 |
||